000 00720nam a22002177a 4500
005 20240530110917.0
008 220221s2008 ua a g b 000 0 ara d
017 _a2008/1587
_bمصر. دار الكتب
020 _a9772087332
040 _aEG-CaGPL
_cEG-CaGPL
082 0 4 _221
_a339.41\
_bأ د
100 0 _aابراهيم الاخرس
245 1 2 _aالدعم وحماية المستهلك فى ظل العولمة /
_cابراهيم الاخرس
250 _aط.1
260 _aالقاهرة :
_bمكتبة مدبولى،
_c2008
300 _a223 ص؛
_c24 سم
650 0 7 _aحماية المستهلك
_2qrmak
651 _2qrmak
942 _2ddc
_cBK
999 _c66419
_d66419